000 00381nmm a2200145Ia 4500
008 251105s9999||||xx |||||||||||||||||und||
041 _aspa
100 _aMedina, Yara
245 0 _aContigo, todo
264 _a[Madrid, España] :
_bEdiciones B,
_c2015
300 _a126 páginas
650 _aRomance
856 _uhttps://public.digitaliapublishing.com/a/54157
942 _cCF
999 _c105523
_d105523